| 000 | 00366nam a22001577a 4500 | ||
|---|---|---|---|
| 020 | _a978-93-5072-631-0 | ||
| 082 |
_aH3 _bKES/P |
||
| 100 | _aKeshubhai Desai | ||
| 245 |
_aPhooljogani/ _cby Keshubhai Desai |
||
| 260 |
_aNew Delhi: _bVani, _c2014. |
||
| 300 | _a120p. | ||
| 650 | _aNovel Hindi | ||
| 650 | _aLiterature Hindi | ||
| 650 | _aLiterature | ||
| 942 | _cBK | ||
| 999 |
_c52755 _d52755 |
||